| 000 | 01454ngm a22003730a 4500 | ||
|---|---|---|---|
| 001 | PT26219 | ||
| 003 | AR-LpoUNG | ||
| 005 | 20210202000406.0 | ||
| 007 | vd cvaizq | ||
| 008 | 191001s2006||||ag |||||||||||||||||spa d | ||
| 040 |
_aAR-LpoUNG _bspa _cAR-LpoUNG _eaacr |
||
| 041 | _aspa | ||
| 044 | _aag | ||
| 082 | 0 | _a304.809 186c1-2 | |
| 100 | 1 |
_aCampanella, Juan José _edir. |
|
| 245 | 1 | 0 |
_aVientos de agua : _bcapítulos 1 y 2 |
| 260 |
_aBuenos Aires : _bTelecinco - 100 Bares, _c2006. |
||
| 300 | _aDVD (140 min.) : son., col. | ||
| 520 | _aCapítulo 1: 1934: José, un joven minero asturiano, es obligado a emprender un largo viaje, cuando la tragedia irrumpe sorpresivamente en su vida. 2001: Ernesto, un arquitecto argentino golpeado por la crisis debe enfrentar la decisión de su vida: quedarse o emigrar. Capítulo 2: 1934: en el barco que lo lleva a la desconocida Argentina, Andrés entabla amistades que lo acompañarán toda su vida. 2001: la familia de Ernesto prepara el viaje a España, pero conflictos internos y el corralito desvían los planes de una manera inesperada. | ||
| 650 | 4 | _aARGENTINA | |
| 650 | 4 | _aASPECTOS POLITICOS | |
| 650 | 4 | _aESPAÑA | |
| 650 | 4 | _aHISTORIA SOCIAL | |
| 650 | 4 | _aINMIGRACION | |
| 650 | 4 | _aINMIGRANTES | |
| 650 | 4 | _aMIGRACION | |
| 650 | 4 | _aMIGRANTES | |
| 651 | 4 | _aArgentina | |
| 653 | _aCINE ARGENTINO | ||
| 653 | _aDVD | ||
| 653 | _aVIDEOS | ||
| 905 | _a26219 | ||
| 942 | _cDVD | ||
| 999 |
_c54766 _d54766 |
||